000 00204 a2200097 4500
245 _aSILVER POETS
_hText
100 _aGERALD BULLET
650 _aPOETRY
005 20191017173332.0
260 _bEveryma@library
_c1967
084 _aNONE
999 _c10117
_d10117